Miasta Polski powyżej 200k mieszkańców na mapie - Statystyki

Ogólne statystyki
  • Ten quiz został rozwiązany 90 razy
  • Średni wynik to 13 z 13
Odpowiedzi na mapie
Odpowiedzi zakodowano w zielono-czerwonej skali na mapie do tego quizu, zgodnie z poniższymi procentami.
 
Statystyki odpowiedzi
Województwo Odpowiedź % Poprawnych
Pomorskie Gdańsk 490k
100%
Łódzkie Łódź 650k
100%
Zachodnio-pomorskie Szczecin 390k
100%
Mazowieckie Warszawa 1,8 mln
100%
Dolnośląsie Wrocław 670k
100%
Pomorskie Gdynia 240k
99%
Małopolskie Kraków 800k
99%
Wielkopolskie Poznań 540k
99%
lubelskie Lublin 330k
97%
Podlaskie Białystok 290k
96%
Śląskie Katowice 280k
96%
Kujawsko-Pomorskie Bydgoszcz 320k
95%
Śląskie Częstochowa 205k
87%
Nie znaleziono quizów pasujących do podanych kryteriów
Rozkład punktacji
Procent ludzi z każdym wynikiem
Percentyl według liczby udzielonych odpowiedzi
Twoja historia wyników
Nie rozwiązałeś tego quizu